تنظيم وإدارة المشروعات العامة في الدول النامية / (Record no. 58502)
[ view plain ]
| 000 -LEADER | |
|---|---|
| fixed length control field | 01570nam a2200349 i 4500 |
| 003 - CONTROL NUMBER IDENTIFIER | |
| control field | EG-GICUC |
| 005 - DATE AND TIME OF LATEST TRANSACTION | |
| control field | 20260121162658.0 |
| 008 - FIXED-LENGTH DATA ELEMENTS--GENERAL INFORMATION | |
| fixed length control field | 260121s1974 ua ||||f |||| 00| 0 ara d |
| 040 ## - CATALOGING SOURCE | |
| Original cataloging agency | EG-GICUC |
| Language of cataloging | ara |
| Transcribing agency | EG-GICUC |
| Modifying agency | EG-GICUC |
| Description conventions | rda |
| 041 ## - LANGUAGE CODE | |
| Language code of text/sound track or separate title | ara |
| 082 04 - DEWEY DECIMAL CLASSIFICATION NUMBER | |
| Edition number | 21 |
| Classification number | 345.2 |
| Item number | م ح . ت |
| 092 04 - LOCALLY ASSIGNED DEWEY CALL NUMBER (OCLC) | |
| Edition number | 21 |
| 099 ## - LOCAL FREE-TEXT CALL NUMBER (OCLC) | |
| Classification number | Law1 07 345.2 م ح . ت 1974 |
| 100 0# - MAIN ENTRY--PERSONAL NAME | |
| Personal name | محمد عبد السميع علي |
| Relator term | مترجم. |
| 245 10 - TITLE STATEMENT | |
| Title | تنظيم وإدارة المشروعات العامة في الدول النامية / |
| Statement of responsibility, etc. | ترجمة محمد عبد السميع علي؛ مراجعة وتقديم مصطفى أبو الفتوح . |
| 264 #1 - PRODUCTION, PUBLICATION, DISTRIBUTION, MANUFACTURE, AND COPYRIGHT NOTICE | |
| Place of production, publication, distribution, manufacture | القاهرة : |
| Name of producer, publisher, distributor, manufacturer | المنظمة العربية للعلوم الإدارية ، |
| Date of production, publication, distribution, manufacture, or copyright notice | [1974] . |
| 300 ## - PHYSICAL DESCRIPTION | |
| Extent | 268 ؛ صفحة |
| Dimensions | 24 سم |
| 336 ## - CONTENT TYPE | |
| Source | rda content |
| Content type term | text |
| 337 ## - MEDIA TYPE | |
| Source | rda media |
| Media type term | Computer |
| 338 ## - CARRIER TYPE | |
| Source | rda carrier |
| Carrier type term | Online Resource |
| 490 ## - SERIES STATEMENT | |
| Series statement | سلسلة الفكر الإداري المعاصر |
| Volume/sequential designation | 14 |
| 504 ## - BIBLIOGRAPHY, ETC. NOTE | |
| Bibliography, etc. note | يشتمل على ببليوجرافيا |
| 505 ## - FORMATTED CONTENTS NOTE | |
| Formatted contents note | عن تقرير الأمم المتحدة :<br/>Organization Management and Supervision of Public Enterprises in Developing Countries. United Nations, 1974. |
| 650 14 - SUBJECT ADDED ENTRY--TOPICAL TERM | |
| Topical term or geographic name entry element | التنظيم الإداري |
| Source of heading or term | qrmak |
| 650 14 - SUBJECT ADDED ENTRY--TOPICAL TERM | |
| Topical term or geographic name entry element | القانون الإداري |
| Source of heading or term | qrmak |
| 651 1# - SUBJECT ADDED ENTRY--GEOGRAPHIC NAME | |
| Source of heading or term | qrmak |
| 700 ## - ADDED ENTRY--PERSONAL NAME | |
| Personal name | مصطفى أبو الفتوح |
| Relator term | مراجع. |
| -- | مقدم. |
| 830 ## - SERIES ADDED ENTRY--UNIFORM TITLE | |
| Uniform title | سلسلة الفكر الإداري المعاصر |
| Volume/sequential designation | 14 |
| 856 40 - ELECTRONIC LOCATION AND ACCESS | |
| Uniform Resource Identifier | <a href="https://fll.law.cu.edu.eg/fulltext/bks/B07-00125.pdf">https://fll.law.cu.edu.eg/fulltext/bks/B07-00125.pdf</a> |
| 905 ## - Cataloger and Reviser Names | |
| Cataloger Name: | Yasmin Essam |
| 942 ## - ADDED ENTRY ELEMENTS (KOHA) | |
| Source of classification or shelving scheme | Dewey Decimal Classification |
| Koha item type | Books |
| Edition | 21 |
| Suppress in OPAC | No |
| Withdrawn status | Lost status | Source of classification or shelving scheme | Materials specified (bound volume or other part) | Damaged status | Not for loan | Collection | Home library | Current library | Date acquired | Total checkouts | Full call number | Barcode | Date last seen | Copy number | Price effective from | Koha item type |
|---|---|---|---|---|---|---|---|---|---|---|---|---|---|---|---|---|
| Dewey Decimal Classification | V14 | Not for loan | القانون الإداري | جــــامعة القــاهرة | مكتبة كلية الحقوق - المبنى الرئيسي | 21.01.2026 | Law1 07 345.2 م ح . ت 1974 0700125 V14, C1 | B07-00125 | 21.01.2026 | 1 | 21.01.2026 | Books | ||||
| Dewey Decimal Classification | V14 | القانون الإداري | جــــامعة القــاهرة | مكتبة كلية الحقوق - المبنى الرئيسي | 21.01.2026 | Law1 07 345.2 م ح . ت 1974 0700264 V14, C2 | B07-00264 | 21.01.2026 | 2 | 21.01.2026 | Books |